000 00768nam a2200265Ia 4500
003 OSt
005 20220928115713.0
006 a|||||r|||| 00| 0
007 ta
008 220927b |||||||| |||| 00| 0 eng d
020 _cINR 699.00
024 _a140651
037 _b456, 30/01/2019, Synergy Books India
_cTextual
040 _aSDCL
_cSDCL
_beng
041 _2eng
_aeng
082 _aV58'P, Q8 LR
100 _aIsikoff Michael
_9445738
245 0 _aRussian roulette
260 _aNew York
_b Twelve
_c2018
300 _axi,339p.
_ccm.
650 _aReference
700 _a Corn David
_9445739
942 _hV58'P, Q8 LR
_cTEXL
_2CC
999 _c760642
_d760642